000 00260nam a2200109Ia 4500
008 200302s9999 xx 000 0 und d
100 _aRogers
245 _aHighway Engineering(Usd 74.99)
260 _bBlack Well Publishing Ltd.
260 _c2003
300 _a277
999 _c4702
_d4702